000
00262nam a2200109Ia 4500
008
220204s9999 xx 000 0 und d
082
_a
82-3
_b
ORW
100
_a
Orwell, George
245
2
_a
A Clergyman's daughter
260
_a
England
_b
Penguin
_c
1975
942
_c
BK
999
_c
33036
_d
33036